000 00412nam a2200169 a 4500
001 0000-9146
003 ELIB.Books
008 110520 1983
035 _a(ELIB.Books)0000-9298
082 _a230
_bWhi
100 _aWhite, E. G.
245 _aUniverse in Conflict
260 _bPhoenix; Inspiration Books
_c1983
650 _aTheology
942 _2ddc
_cBK
998 _cbat
_e2011-05-20
999 _c9146
_d9146